<?xml version="1.0" encoding="UTF-8"?>
<record
    xmlns:xsi="http://www.w3.org/2001/XMLSchema-instance"
    xsi:schemaLocation="http://www.loc.gov/MARC21/slim http://www.loc.gov/standards/marcxml/schema/MARC21slim.xsd"
    xmlns="http://www.loc.gov/MARC21/slim">

  <leader>00810nam a22001577a 4500</leader>
  <controlfield tag="003">OSt</controlfield>
  <controlfield tag="005">20151007085448.0</controlfield>
  <controlfield tag="008">151007b        xxu||||| |||| 00| 0 eng d</controlfield>
  <datafield tag="040" ind1=" " ind2=" ">
    <subfield code="c">RUA</subfield>
  </datafield>
  <datafield tag="082" ind1=" " ind2=" ">
    <subfield code="a">AVM SIM 2007 B078 Or.1</subfield>
  </datafield>
  <datafield tag="100" ind1=" " ind2=" ">
    <subfield code="9">2232</subfield>
    <subfield code="a">SIM, LEANGMENG.</subfield>
  </datafield>
  <datafield tag="245" ind1=" " ind2=" ">
    <subfield code="a">Effect of water spinach and mulberry leaves by adding of energy sourcedites on growth performance of cross breed pigs at celagrid  (&#x17A5;&#x1791;&#x17D2;&#x1792;&#x17B7;&#x1796;&#x179B;&#x1793;&#x17C3;&#x1780;&#x17B6;&#x179A;&#x1794;&#x17D2;&#x179A;&#x17BE;&#x1794;&#x17D2;&#x179A;&#x17B6;&#x179F;&#x17CB;&#x178F;&#x17D2;&#x179A;&#x1780;&#x17BD;&#x1793;&#x1793;&#x17B7;&#x1784;&#x179F;&#x17D2;&#x179B;&#x17BA;&#x1780;&#x1798;&#x1793;&#x178A;&#x17C4;&#x1799;&#x1794;&#x1793;&#x17D2;&#x1790;&#x17C2;&#x1798;&#x1785;&#x17C6;&#x178E;&#x17B8;&#x1794;&#x17D2;&#x179A;&#x1797;&#x1796;&#x1790;&#x17B6;&#x1798;&#x1796;&#x179B;&#x179B;&#x17BE;&#x1780;&#x17B6;&#x179A;&#x179B;&#x17BC;&#x178F;&#x179B;&#x17B6;&#x179F;&#x17CB;&#x179A;&#x1794;&#x179F;&#x17CB;&#x1787;&#x17D2;&#x179A;&#x17BC;&#x1780;&#x1780;&#x17BC;&#x1793;&#x1780;&#x17B6;&#x178F;&#x17CB;&#x1780;&#x17D2;&#x1793;&#x17BB;&#x1784;&#x179F;&#x17D2;&#x179A;&#x17BB;&#x1780;&#x200B;&#x200B; Celagrid)</subfield>
  </datafield>
  <datafield tag="260" ind1=" " ind2=" ">
    <subfield code="a">Phnom Penh</subfield>
    <subfield code="b">RUA</subfield>
    <subfield code="c">2007</subfield>
  </datafield>
  <datafield tag="300" ind1=" " ind2=" ">
    <subfield code="a">x, 46p.</subfield>
    <subfield code="b">ill.</subfield>
    <subfield code="c">29cm.</subfield>
  </datafield>
  <datafield tag="942" ind1=" " ind2=" ">
    <subfield code="2">ddc</subfield>
    <subfield code="c">AVM</subfield>
  </datafield>
  <datafield tag="999" ind1=" " ind2=" ">
    <subfield code="c">2104</subfield>
    <subfield code="d">2104</subfield>
  </datafield>
  <datafield tag="952" ind1=" " ind2=" ">
    <subfield code="0">0</subfield>
    <subfield code="1">0</subfield>
    <subfield code="2">ddc</subfield>
    <subfield code="4">0</subfield>
    <subfield code="6">AVM_SIM_2007_000000000000000_B078_OR_1</subfield>
    <subfield code="7">0</subfield>
    <subfield code="9">8652</subfield>
    <subfield code="a">LBB</subfield>
    <subfield code="b">LBB</subfield>
    <subfield code="c">B078</subfield>
    <subfield code="d">2015-10-07</subfield>
    <subfield code="l">1</subfield>
    <subfield code="o">AVM SIM 2007 B078 Or.1</subfield>
    <subfield code="p">RUA025154</subfield>
    <subfield code="r">2019-03-26</subfield>
    <subfield code="s">2019-02-08</subfield>
    <subfield code="w">2015-10-07</subfield>
    <subfield code="y">AVM</subfield>
  </datafield>
  <datafield tag="952" ind1=" " ind2=" ">
    <subfield code="0">0</subfield>
    <subfield code="1">0</subfield>
    <subfield code="2">ddc</subfield>
    <subfield code="4">0</subfield>
    <subfield code="6">AVM_SIM_2007_000000000000000_B078_OR_2</subfield>
    <subfield code="7">0</subfield>
    <subfield code="9">8653</subfield>
    <subfield code="a">LBB</subfield>
    <subfield code="b">LBB</subfield>
    <subfield code="c">B078</subfield>
    <subfield code="d">2015-10-07</subfield>
    <subfield code="l">1</subfield>
    <subfield code="o">AVM SIM 2007 B078 Or.2</subfield>
    <subfield code="p">RUA025295</subfield>
    <subfield code="r">2018-07-06</subfield>
    <subfield code="s">2018-07-02</subfield>
    <subfield code="w">2015-10-07</subfield>
    <subfield code="y">AVM</subfield>
  </datafield>
  <datafield tag="952" ind1=" " ind2=" ">
    <subfield code="0">0</subfield>
    <subfield code="1">0</subfield>
    <subfield code="2">ddc</subfield>
    <subfield code="4">0</subfield>
    <subfield code="6">AVM_SIM_2007_000000000000000_B078_OR_3</subfield>
    <subfield code="7">0</subfield>
    <subfield code="9">8654</subfield>
    <subfield code="a">LBB</subfield>
    <subfield code="b">LBB</subfield>
    <subfield code="c">B078</subfield>
    <subfield code="d">2015-10-07</subfield>
    <subfield code="o">AVM SIM 2007 B078 Or.3</subfield>
    <subfield code="p">RUA017098</subfield>
    <subfield code="r">2015-10-07</subfield>
    <subfield code="w">2015-10-07</subfield>
    <subfield code="y">AVM</subfield>
  </datafield>
  <datafield tag="952" ind1=" " ind2=" ">
    <subfield code="0">0</subfield>
    <subfield code="1">0</subfield>
    <subfield code="2">ddc</subfield>
    <subfield code="4">0</subfield>
    <subfield code="6">AVM_SIM_2007_000000000000000_B078_OR_4</subfield>
    <subfield code="7">0</subfield>
    <subfield code="9">8655</subfield>
    <subfield code="a">LBB</subfield>
    <subfield code="b">LBB</subfield>
    <subfield code="c">B078</subfield>
    <subfield code="d">2015-10-07</subfield>
    <subfield code="o">AVM SIM 2007 B078 Or.4</subfield>
    <subfield code="p">RUA009963</subfield>
    <subfield code="r">2015-10-07</subfield>
    <subfield code="w">2015-10-07</subfield>
    <subfield code="y">AVM</subfield>
  </datafield>
  <datafield tag="952" ind1=" " ind2=" ">
    <subfield code="0">0</subfield>
    <subfield code="1">0</subfield>
    <subfield code="2">ddc</subfield>
    <subfield code="4">0</subfield>
    <subfield code="6">AVM_SIM_2007_000000000000000_B078_OR_5</subfield>
    <subfield code="7">0</subfield>
    <subfield code="9">8656</subfield>
    <subfield code="a">LBB</subfield>
    <subfield code="b">LBB</subfield>
    <subfield code="c">B078</subfield>
    <subfield code="d">2015-10-07</subfield>
    <subfield code="o">AVM SIM 2007 B078 Or.5</subfield>
    <subfield code="p">RUA025370</subfield>
    <subfield code="r">2015-10-07</subfield>
    <subfield code="w">2015-10-07</subfield>
    <subfield code="y">AVM</subfield>
  </datafield>
  <datafield tag="952" ind1=" " ind2=" ">
    <subfield code="0">0</subfield>
    <subfield code="1">0</subfield>
    <subfield code="2">ddc</subfield>
    <subfield code="4">0</subfield>
    <subfield code="6">AVM_SIM_2007_000000000000000_B078_OR_6</subfield>
    <subfield code="7">0</subfield>
    <subfield code="9">37133</subfield>
    <subfield code="a">LBB</subfield>
    <subfield code="b">LBB</subfield>
    <subfield code="d">2016-02-04</subfield>
    <subfield code="l">1</subfield>
    <subfield code="o">AVM SIM 2007 B078 Or.6</subfield>
    <subfield code="p">RUA41463</subfield>
    <subfield code="r">2016-06-21</subfield>
    <subfield code="s">2016-05-26</subfield>
    <subfield code="w">2016-02-04</subfield>
    <subfield code="y">AVM</subfield>
  </datafield>
</record>
